Mind, causation, & action /

Saved in:
Bibliographic Details
Other Authors: Stevenson, Leslie, Squires, Roger, 1940-, Haldane, John
Format: Book
Language:English
Published: Oxford, OX, UK ; New York, NY : B. Blackwell, 1986.
Subjects:
LEADER 01085nam a2200301 a 4500
001 c000008490
003 CARM
005 00000000000000.0
008 860203s1986 enk b 00100 eng
019 1 |a 4374385  |5 LACONCORD2021 
020 |a 0631150455 (pbk.) :  |c $15.95 
035 |a (OCoLC)13332787  |5 LACONCORD2021 
050 0 0 |a BD541  |b .M46 1986 
245 0 0 |a Mind, causation, & action /  |c edited by Leslie Stevenson, Roger Squires, John Haldane. 
260 |a Oxford, OX, UK ;  |a New York, NY :  |b B. Blackwell,  |c 1986. 
300 |a viii, 190 p. ;  |c 23 cm. 
500 |a Includes index. 
504 |a Bibliography: p. 172-173. 
650 0 |a Causation. 
650 0 |a Intellect. 
700 1 |a Stevenson, Leslie. 
700 1 |a Squires, Roger,  |d 1940- 
700 1 |a Haldane, John. 
740 0 1 |a Mind, causation, and action. 
852 8 |b CARM  |h A2:AE37C0  |i B00305  |p 0015536  |f BK 
082 0 4 |a 128/.2  |2 19 
999 f f |i baf19363-b5b5-54e2-9c2b-db66707a7c69  |s 6a1f3aa7-6f44-5be9-b133-16fd82d010ac 
952 f f |p Can circulate  |a CAVAL  |b CAVAL  |c CAVAL  |d CARM 1 Store  |e B00305  |f A2:AE37C0  |h Other scheme  |i book  |m 0015536